[Event "Cerete op 32nd"]
[Site "Cerete"]
[Date "2024.03.23"]
[Round "6"]
[White "Lopez Ramirez, David Santiago"]
[Black "Petro Urango, Jose Felipe"]
[Result "1-0"]
[WhiteElo "2226"]
[BlackElo "1636"]
[PlyCount "43"]
[EventDate "2024.03.21"]
[EventType "swiss"]
[EventRounds "8"]
[EventCountry "COL"]
[SourceTitle "CB15_2024"]
[SourceDate "2024.04.10"]
[SourceVersion "1"]
[SourceVersionDate "2024.04.10"]
[SourceQuality "1"]

1. d4 d5 2. c4 e6 3. Nf3 Nf6 4. Bg5 Be7 5. Nc3 Bd7 6. Bxf6 Bxf6 7. cxd5 0-0 8. e3 g6 9. Rc1 Re8 10. Bc4 c6 11. dxe6 Bxe6 12. Bxe6 Rxe6 13. Qb3 Nd7 14. 0-0 Nb6 15. Rfd1 Qe7 16. a4 Rd8 17. a5 Nd7 18. e4 h6 19. d5 Nc5 20. Qa3 Nxe4 21. dxe6 Rxd1+ 22. Nxd1 1-0

[Event "Pereira Fiestas de la Cosecha op"]
[Site "Pereira"]
[Date "2023.08.24"]
[Round "1"]
[White "Martinez, Victor3333"]
[Black "Lopez Ramirez, David Santiago"]
[Result "0-1"]
[WhiteElo "1547"]
[BlackElo "2125"]
[PlyCount "66"]
[EventDate "2023.08.24"]
[EventType "swiss"]
[EventRounds "7"]
[EventCountry "COL"]
[SourceTitle "EXT 2024"]
[Source "ChessBase"]
[SourceDate "2023.10.10"]
[SourceVersion "1"]
[SourceVersionDate "2023.10.10"]
[SourceQuality "1"]

1. e4 c5 2. Nf3 Nc6 3. d4 cxd4 4. Nxd4 e6 5. Be3 Nf6 6. Nc3 Bb4 7. Nxc6 bxc6 8. f3 d5 9. e5 Nd7 10. f4 c5 11. Bd2 0-0 12. Nb5 Bxd2+ 13. Qxd2 f6 14. exf6 Qxf6 15. g3 Qxb2 16. Rd1 Nf6 17. Nd6 Bd7 18. c4 Qb6 19. Nb5 Ne4 20. Qd3 Qa5+ 21. Rd2 Bxb5 22. cxb5 c4 23. Qc2 a6 24. b6 Rab8 25. Ke2 Qxd2+ 26. Qxd2 Nxd2 27. Kxd2 Rxb6 28. Bh3 d4 29. Re1 Kf7 30. f5 Rb2+ 31. Kc1 Rxh2 32. fxe6+ Ke7 33. Bg4 Rff2 0-1

[Event "Rivera Huila Hernandez Memorial-B"]
[Site "Rivera Huila"]
[Date "2023.07.23"]
[Round "6"]
[White "Lopez Ramirez, David Santiago"]
[Black "Cuellar Canosa, Nicolas"]
[Result "1-0"]
[WhiteElo "2125"]
[BlackElo "1848"]
[PlyCount "63"]
[EventDate "2023.07.20"]
[EventType "swiss"]
[EventRounds "7"]
[EventCountry "COL"]
[SourceTitle "CBM 215 Extra"]
[Source "ChessBase"]
[SourceDate "2023.09.30"]
[SourceVersion "1"]
[SourceVersionDate "2023.09.30"]
[SourceQuality "1"]

1. c4 Nf6 2. Nc3 e6 3. e4 d5 4. e5 d4 5. exf6 dxc3 6. bxc3 Qxf6 7. d4 e5 8. Nf3 Nc6 9. Bg5 Qg6 10. d5 Nb8 11. Bh4 Bd6 12. Bg3 Nd7 13. Bd3 e4 14. Bc2 0-0 15. 0-0 Bxg3 16. hxg3 Nc5 17. Qd4 b6 18. Nd2 Bf5 19. Nb3 Nd7 20. c5 Rfd8 21. c4 Nxc5 22. Nxc5 bxc5 23. Qxc5 c6 24. Qxc6 Qxc6 25. dxc6 Rd4 26. Rac1 Rxc4 27. Bb3 Rxc1 28. Rxc1 Rc8 29. c7 Be6 30. Rd1 Rf8 31. Bxe6 fxe6 32. Rd8 1-0

[Event "Cali Valle Colombia op-A"]
[Site "Cali Valle Colombia"]
[Date "2022.12.28"]
[Round "6"]
[White "Lopez Ramirez, David Santiago"]
[Black "Valdes Martinez, Miguel A"]
[Result "0-1"]
[WhiteElo "2089"]
[BlackElo "2104"]
[PlyCount "110"]
[EventDate "2022.12.26"]
[EventType "swiss"]
[EventRounds "9"]
[EventCountry "COL"]
[SourceTitle "CBM 211 Extra"]
[Source "ChessBase"]
[SourceDate "2023.01.31"]
[SourceVersion "1"]
[SourceVersionDate "2023.01.31"]
[SourceQuality "1"]

1. Nf3 f5 2. d3 Nf6 3. e4 d6 4. exf5 Bxf5 5. d4 Nc6 6. d5 Nb4 7. Nd4 Qd7 8. Bb5 c6 9. dxc6 Nxc6 10. Nc3 Bg6 11. Bg5 e5 12. Bxf6 gxf6 13. Nd5 Bg7 14. Ne6 Rc8 15. Qg4 f5 16. Nxg7+ Qxg7 17. Qh4 a6 18. Ba4 b5 19. Bb3 Kf8 20. 0-0 Bf7 21. Rfd1 e4 22. c3 h5 23. Kh1 Rh6 24. Ne3 Rf6 25. Qf4 Qg6 26. Bxf7 Kxf7 27. Nd5 Re6 28. Ne3 Ne7 29. a4 Qf6 30. axb5 axb5 31. Ra7 Kg6 32. Rd7 Rc6 33. g3 Qe5 34. Ng2 Kf7 35. Qh4 Ke8 36. Rb7 Rh6 37. Qg5 Rh7 38. Ne3 h4 39. Rd5 Qg7 40. Qxg7 Rxg7 41. Rdxb5 f4 42. Nd5 f3 43. Nxe7 Ra6 44. h3 Ra1+ 45. Kh2 hxg3+ 46. fxg3 f2 47. Rf5 f1Q 48. Rxf1 Rxf1 49. Kg2 Rf3 50. Nf5 Rxb7 51. Nxd6+ Ke7 52. Nxb7 Rf5 53. b4 e3 54. Na5 e2 55. Nc6+ Kf6 0-1

[Event "COL-chT Blitz"]
[Site "Santander"]
[Date "2022.09.10"]
[Round "5.3"]
[White "Mateus Urbano, Luis Alejandro"]
[Black "Lopez Ramirez, David Santiago"]
[Result "1-0"]
[WhiteElo "2211"]
[BlackElo "2038"]
[PlyCount "113"]
[EventDate "2022.09.10"]
[EventType "team-swiss (blitz)"]
[EventRounds "9"]
[EventCountry "COL"]
[SourceTitle "EXT 2023"]
[Source "ChessBase"]
[SourceDate "2022.10.05"]
[SourceVersion "1"]
[SourceVersionDate "2022.10.05"]
[SourceQuality "1"]
[WhiteTeam "Valle"]
[BlackTeam "Cundinamarca"]
[WhiteTeamCountry "COL"]
[BlackTeamCountry "COL"]

1. e4 Nf6 2. e5 Nd5 3. d4 d6 4. Nf3 g6 5. c4 Nb6 6. exd6 cxd6 7. Nc3 Bg7 8. Be3 0-0 9. Rc1 Bg4 10. h3 Bxf3 11. Qxf3 Nc6 12. Qd1 d5 13. c5 e5 14. Nb5 exd4 15. Nxd4 Nxd4 16. Bxd4 Re8+ 17. Be2 Bxd4 18. Qxd4 Qe7 19. Rc2 Rac8 20. 0-0 Nd7 21. Qxd5 Nxc5 22. Bg4 Ne6 23. Rxc8 Rxc8 24. Bxe6 Qxe6 25. Qxb7 Rc2 26. Qxa7 Rxb2 27. a4 Qe5 28. Qd7 Kg7 29. Rd1 Re2 30. g3 Re1+ 31. Rxe1 Qxe1+ 32. Kg2 Qe4+ 33. Kh2 h5 34. h4 Qf3 35. Qd4+ Kh7 36. a5 Qa3 37. Qe5 Qa2 38. Kg2 Kg8 39. Qb8+ Kg7 40. Qe5+ Kg8 41. Qe8+ Kg7 42. Qb5 Qe6 43. a6 Qe4+ 44. Kh2 Qc2 45. Kg1 Qc1+ 46. Qf1 Qa3 47. Qc4 Qa1+ 48. Kg2 Kg8 49. Qc8+ Kg7 50. Qb7 g5 51. a7 gxh4 52. a8Q h3+ 53. Kxh3 Qf1+ 54. Qg2 Qb5 55. Qad5 Qb2 56. Qg5+ Kf8 57. Qa8+ 1-0

[Event "Pereira Fiestas de la Cosecha"]
[Site "Pereira"]
[Date "2022.08.27"]
[Round "7"]
[White "Lopez Ramirez, David Santiago"]
[Black "Morales, Luis Eduardo"]
[Result "1-0"]
[WhiteElo "2122"]
[BlackElo "1629"]
[PlyCount "37"]
[EventDate "2022.08.24"]
[EventType "swiss"]
[EventRounds "10"]
[EventCountry "COL"]
[SourceTitle "CBM 210 Extra"]
[Source "ChessBase"]
[SourceDate "2022.11.30"]
[SourceVersion "1"]
[SourceVersionDate "2022.11.30"]
[SourceQuality "1"]

1. e4 Nc6 2. Nf3 d5 3. exd5 Qxd5 4. Nc3 Qa5 5. d4 Bg4 6. Bb5 0-0-0 7. Bxc6 bxc6 8. Qd3 f6 9. Qe4 Bxf3 10. Qxf3 Kb7 11. b4 Qa6 12. b5 Qa5 13. bxc6+ Ka8 14. 0-0 e6 15. a4 Bb4 16. Nb5 a6 17. Bf4 Rc8 18. Qb3 Ne7 19. c3 1-0

[Event "Pereira Fiestas de la Cosecha"]
[Site "Pereira"]
[Date "2022.08.26"]
[Round "6"]
[White "Soto, Cristian Camilo"]
[Black "Lopez Ramirez, David Santiago"]
[Result "1-0"]
[WhiteElo "2191"]
[BlackElo "2122"]
[PlyCount "111"]
[EventDate "2022.08.24"]
[EventType "swiss"]
[EventRounds "10"]
[EventCountry "COL"]
[SourceTitle "CBM 210 Extra"]
[Source "ChessBase"]
[SourceDate "2022.11.30"]
[SourceVersion "1"]
[SourceVersionDate "2022.11.30"]
[SourceQuality "1"]

1. c4 g6 2. Nc3 c5 3. Nf3 Bg7 4. e3 Nf6 5. d4 0-0 6. Be2 cxd4 7. exd4 d5 8. cxd5 Nxd5 9. Qb3 Nxc3 10. bxc3 Nc6 11. 0-0 Na5 12. Qb5 Bd7 13. Qg5 Rc8 14. Re1 Bf6 15. Qh6 Rxc3 16. Ng5 Bxg5 17. Bxg5 Nc6 18. Rad1 Bf5 19. Bb5 f6 20. d5 Ne5 21. Rxe5 fxg5 22. Rde1 Rf7 23. Qxg5 Bd3 24. Qe3 Bxb5 25. Qxc3 Qb6 26. Qe3 Qxe3 27. R1xe3 Bc4 28. Rxe7 Bxd5 29. Rxf7 Kxf7 30. a3 b5 31. Re5 Bc4 32. f4 a5 33. Kf2 Kf6 34. Ke3 h6 35. h4 h5 36. Kd4 Bf1 37. g3 Kf7 38. f5 Kf6 39. fxg6 Kxg6 40. Rg5+ Kh6 41. Rf5 Be2 42. Rf6+ Kg7 43. Ra6 a4 44. Kc5 Bc4 45. Rb6 Kf7 46. Rxb5 Bxb5 47. Kxb5 Kg6 48. Kxa4 Kf5 49. Kb5 Kg4 50. a4 Kxg3 51. a5 Kxh4 52. a6 Kg3 53. a7 h4 54. a8Q Kh2 55. Qf3 h3 56. Qg4 1-0

[Event "Pereira Fiestas de la Cosecha"]
[Site "Pereira"]
[Date "2022.08.25"]
[Round "3"]
[White "Lopez Ramirez, David Santiago"]
[Black "Flom, Gabriel"]
[Result "1/2-1/2"]
[WhiteElo "2122"]
[BlackElo "2406"]
[PlyCount "83"]
[EventDate "2022.08.24"]
[EventType "swiss"]
[EventRounds "10"]
[EventCountry "COL"]
[SourceTitle "CBM 210 Extra"]
[Source "ChessBase"]
[SourceDate "2022.11.30"]
[SourceVersion "1"]
[SourceVersionDate "2022.11.30"]
[SourceQuality "1"]

1. Nf3 Nf6 2. c4 e6 3. d4 d5 4. Nc3 Bb4 5. cxd5 exd5 6. Bg5 Nc6 7. e3 h6 8. Bxf6 Qxf6 9. Rc1 0-0 10. a3 Bxc3+ 11. Rxc3 Qd6 12. Qc2 Bg4 13. Bb5 Bxf3 14. gxf3 Ne7 15. Rxc7 Rac8 16. Rxc8 Rxc8 17. Qb1 Nf5 18. Be2 Nh4 19. Kd2 g5 20. f4 gxf4 21. Rg1+ Kh8 22. Rg4 fxe3+ 23. fxe3 Qxh2 24. Qf1 f5 25. Rxh4 Qxh4 26. Qxf5 Rd8 27. Qe5+ Kg8 28. Qe6+ Kg7 29. Qe5+ Qf6 30. Qc7+ Kf8 31. Qxb7 Qb6 32. Qh7 Qxb2+ 33. Ke1 Qc1+ 34. Kf2 Rd6 35. Qh8+ Ke7 36. Qe5+ Re6 37. Qg7+ Kd8 38. Qf8+ Kc7 39. Qf7+ Kd6 40. Qf8+ Kc7 41. Qf7+ Kd6 42. Qf8+ 1/2-1/2

[Event "Pereira Fiestas de la Cosecha"]
[Site "Pereira"]
[Date "2022.08.25"]
[Round "4"]
[White "Valdes Martinez, Miguel A"]
[Black "Lopez Ramirez, David Santiago"]
[Result "1/2-1/2"]
[WhiteElo "2113"]
[BlackElo "2122"]
[PlyCount "106"]
[EventDate "2022.08.24"]
[EventType "swiss"]
[EventRounds "10"]
[EventCountry "COL"]
[SourceTitle "CBM 210 Extra"]
[Source "ChessBase"]
[SourceDate "2022.11.30"]
[SourceVersion "1"]
[SourceVersionDate "2022.11.30"]
[SourceQuality "1"]

1. d4 Nf6 2. Nf3 g6 3. Bf4 Bg7 4. e3 d6 5. Be2 0-0 6. h3 Nc6 7. 0-0 e5 8. dxe5 Ne4 9. Nbd2 Nxd2 10. Nxd2 Nxe5 11. c3 b6 12. Bxe5 Bxe5 13. Bf3 Rb8 14. Nb3 Qh4 15. Re1 c5 16. Nd2 b5 17. Bd5 Bg7 18. Ne4 b4 19. Qf3 bxc3 20. bxc3 Be5 21. Rab1 Bf5 22. c4 Kg7 23. Red1 h5 24. Rxb8 Rxb8 25. Ng3 Bxg3 26. fxg3 Qf6 27. e4 Be6 28. Bxe6 Qxe6 29. Qf4 Rb6 30. Rd5 Ra6 31. e5 dxe5 32. Rxe5 Qf6 33. Rxc5 Rxa2 34. Rc8 Qb2 35. Qe4 Qf6 36. Kh2 h4 37. Qxh4 Qxh4 38. gxh4 Ra3 39. c5 Rc3 40. c6 a5 41. c7 a4 42. Ra8 Rxc7 43. Rxa4 Rc3 44. Rf4 Ra3 45. Kg1 Ra2 46. g3 Rb2 47. Rf2 Rb3 48. Kg2 Ra3 49. g4 Rb3 50. Rf3 Rb4 51. Kf2 Ra4 52. Ke2 Re4+ 53. Kd3 Ra4 1/2-1/2

[Event "Pereira Fiestas de la Cosecha"]
[Site "Pereira"]
[Date "2022.08.24"]
[Round "2"]
[White "Vanegas, Josue"]
[Black "Lopez Ramirez, David Santiago"]
[Result "0-1"]
[WhiteElo "1805"]
[BlackElo "2122"]
[PlyCount "88"]
[EventDate "2022.08.24"]
[EventType "swiss"]
[EventRounds "10"]
[EventCountry "COL"]
[SourceTitle "CBM 210 Extra"]
[Source "ChessBase"]
[SourceDate "2022.11.30"]
[SourceVersion "1"]
[SourceVersionDate "2022.11.30"]
[SourceQuality "1"]

1. Nf3 c5 2. g3 Nc6 3. Bg2 g6 4. d3 Bg7 5. e4 d6 6. Nbd2 e5 7. a4 Nge7 8. Nc4 h6 9. h3 0-0 10. 0-0 Be6 11. c3 f5 12. Qe2 f4 13. g4 g5 14. Nfd2 Kf7 15. Nf3 Ng6 16. Rd1 a5 17. Bd2 Bf6 18. Be1 Rg8 19. Nfd2 Ke7 20. f3 Rb8 21. Na3 h5 22. Bf2 b6 23. Nb5 Kf7 24. Nf1 hxg4 25. hxg4 Rh8 26. d4 cxd4 27. cxd4 Bb3 28. Rd2 Nxd4 29. Nxd4 exd4 30. Qb5 Be6 31. Bxd4 Ne5 32. Rc1 Rc8 33. Rxc8 Qxc8 34. Qxb6 Qc4 35. Bc3 d5 36. Qxa5 Nc6 37. Qc7+ Kg6 38. Bxf6 Kxf6 39. exd5 Qc5+ 40. Rf2 Bxd5 41. Qd7 Nd4 42. Nh2 Ne2+ 43. Kf1 Qc1+ 44. Kxe2 Bc4+ 0-1

[Event "COL-ch U18"]
[Site "Medellin"]
[Date "2022.06.04"]
[Round "6"]
[White "Lopez Ramirez, David Santiago"]
[Black "Montoya Echeverri, Sebastian"]
[Result "1-0"]
[WhiteElo "2092"]
[BlackElo "1787"]
[PlyCount "61"]
[EventDate "2022.06.01"]
[EventType "swiss"]
[EventRounds "9"]
[EventCountry "COL"]
[SourceTitle "CBM 208 Extra"]
[Source "ChessBase"]
[SourceDate "2022.07.31"]
[SourceVersion "1"]
[SourceVersionDate "2022.07.31"]
[SourceQuality "1"]

1. d4 d6 2. Nf3 g6 3. c4 Bg7 4. Nc3 Nf6 5. e4 0-0 6. Be2 Nc6 7. h3 e5 8. d5 Ne7 9. g4 Bd7 10. Bg5 h6 11. Be3 g5 12. Qb3 Ng6 13. 0-0-0 c5 14. Rdg1 Nf4 15. Bd1 a6 16. h4 Nxg4 17. hxg5 hxg5 18. Nxg5 Qxg5 19. Qxb7 Qd8 20. Bxg4 Bxg4 21. Rxg4 Rb8 22. Qxa6 Rb6 23. Qa3 f5 24. exf5 Nd3+ 25. Kc2 Nb4+ 26. Kd1 Qd7 27. Bh6 Rf7 28. Bxg7 Rxg7 29. Qa8+ Kf7 30. Rxg7+ Kxg7 31. Qh8+ 1-0

[Event "Bogota Excalibur op"]
[Site "Bogota"]
[Date "2022.03.19"]
[Round "2"]
[White "Lopez Ramirez, David Santiago"]
[Black "Ramirez, Francisco Javier"]
[Result "1-0"]
[WhiteElo "2039"]
[BlackElo "1824"]
[PlyCount "73"]
[EventDate "2022.03.18"]
[EventType "swiss"]
[EventRounds "7"]
[EventCountry "COL"]
[SourceTitle "CBM 207 Extra"]
[Source "ChessBase"]
[SourceDate "2022.05.31"]
[SourceVersion "1"]
[SourceVersionDate "2022.05.31"]
[SourceQuality "1"]

1. Nf3 Nf6 2. c4 c5 3. g3 Nc6 4. Bg2 e6 5. 0-0 d6 6. d4 Qc7 7. d5 exd5 8. cxd5 Ne5 9. Nxe5 dxe5 10. Nc3 a6 11. Bg5 Bd6 12. e4 Bd7 13. Bxf6 gxf6 14. Qf3 Ke7 15. Nd1 h5 16. Ne3 Rag8 17. h4 Bg4 18. Nxg4 hxg4 19. Qe3 b5 20. a4 b4 21. Rfc1 a5 22. Bf1 Rc8 23. Ba6 Rb8 24. Rc2 Qb6 25. Bb5 Rh5 26. Rac1 f5 27. exf5 Rxf5 28. Qe4 Rf6 29. Qxg4 c4 30. Qd7+ Kf8 31. Qc6 Qd4 32. Qxc4 Qa7 33. Kg2 Ke7 34. Qg4 Rg6 35. Rc7+ Bxc7 36. Qd7+ Kf6 37. Rxc7 1-0

[Event "Bogota Excalibur op"]
[Site "Bogota"]
[Date "2022.03.19"]
[Round "3"]
[White "Mesa Baez, Samuel"]
[Black "Lopez Ramirez, David Santiago"]
[Result "0-1"]
[WhiteElo "1897"]
[BlackElo "2039"]
[PlyCount "60"]
[EventDate "2022.03.18"]
[EventType "swiss"]
[EventRounds "7"]
[EventCountry "COL"]
[SourceTitle "CBM 207 Extra"]
[Source "ChessBase"]
[SourceDate "2022.05.31"]
[SourceVersion "1"]
[SourceVersionDate "2022.05.31"]
[SourceQuality "1"]

1. e4 c5 2. Nf3 Nc6 3. Bb5 g6 4. Bxc6 dxc6 5. d4 cxd4 6. Qxd4 Qxd4 7. Nxd4 Bg7 8. c3 Bd7 9. Be3 c5 10. Ne2 b6 11. Nd2 0-0-0 12. a4 Kb7 13. 0-0 Nf6 14. f3 Bc6 15. Nc4 Nd7 16. Bg5 Ne5 17. Nxe5 Bxe5 18. Ng3 f6 19. Be3 Rd3 20. Kf2 h5 21. Ke2 Rhd8 22. f4 Bc7 23. h4 c4 24. Rg1 Rxe3+ 25. Kxe3 Rd3+ 26. Kf2 Bxf4 27. Nf1 Bxe4 28. g3 Bd6 29. Re1 Bc5+ 30. Ne3 f5 0-1